[Event "Oberpfalz-ch M2"]
[Site "Regensburg"]
[Date "2004.04.04"]
[Round "4"]
[White "Mirwald, Manfred"]
[Black "Gschwendner, Anton"]
[Result "1-0"]
[WhiteElo "1666"]
[BlackElo "1668"]
[PlyCount "127"]
[EventDate "2004.04.03"]
[EventType "swiss"]
[EventRounds "8"]
[EventCountry "GER"]
[SourceTitle "EXT 2022"]
[Source "ChessBase"]
[SourceDate "2021.10.06"]
[SourceVersion "1"]
[SourceVersionDate "2021.10.06"]
[SourceQuality "1"]

1. d4 d5 2. c4 c6 3. cxd5 cxd5 4. Nc3 Nc6 5. Bf4 a6 6. e3 Nf6 7. Bd3 g6 8. Nf3 Bg7 9. h3 0-0 10. Rc1 e6 11. 0-0 Bd7 12. Qb3 Na5 13. Qd1 Rc8 14. Qe2 b5 15. Rc2 Qb6 16. Rfc1 Nc6 17. Ne5 Nxe5 18. Bxe5 Ne8 19. Nxd5 exd5 20. Rxc8 Bxe5 21. dxe5 Bxc8 22. Rxc8 Qe6 23. Qc2 Qxe5 24. Rc6 Nd6 25. Rxa6 Rc8 26. Qd2 Nc4 27. Bxc4 bxc4 28. Ra5 Rd8 29. Rb5 Qe4 30. Qc1 Qd3 31. a3 Rc8 32. Qc3 Qd1+ 33. Kh2 Rd8 34. Rb4 Qe2 35. Qf6 Rf8 36. Kg3 Qd3 37. a4 Qe4 38. b3 Qd3 39. bxc4 dxc4 40. Qa6 Qd7 41. Qxc4 Qd6+ 42. Kf3 Ra8 43. Ke2 Rd8 44. Qd4 Qa6+ 45. Qc4 Qd6 46. Kf3 Ra8 47. Qf4 Qc6+ 48. Kg3 Qd7 49. Rb8+ Rxb8 50. Qxb8+ Kg7 51. Qe5+ f6 52. Qd4 Qc7+ 53. f4 Kf7 54. Kf3 Qb7+ 55. Qe4 Qd7 56. Qc2 Qd5+ 57. e4 Qh5+ 58. Kg3 Qa5 59. Qd1 Qc3+ 60. Kh2 h5 61. Qd5+ Kg7 62. e5 Qb4 63. exf6+ Kh7 64. Qf7+ 1-0